[Event "34th European Club Cup 2018"]
[Site "Halkidiki"]
[Date "2018.10.13"]
[Round "2"]
[White "Hove, Esben Kjems"]
[Black "Omorjan, Dejan"]
[Result "1-0"]
[WhiteElo "2286"]
[BlackElo "2249"]
[Annotator "ChessBase"]
[PlyCount "151"]
[EventDate "2018.10.12"]
[EventType "team-tourn"]
[EventCountry "GRE"]
[SourceTitle "playchess.com"]
[Source "ChessBase"]
[SourceQuality "1"]
[WhiteTeam "Nordkalotten"]
[BlackTeam "Partizan"]

1. d4 Nf6 2. Nf3 g6 3. c4 Bg7 4. g3 c6 5. Bg2 O-O 6. O-O d5 7. Qb3 Nbd7 8. cxd5 cxd5 9. Nc3 Nb6 10. a4 Nc4 11. Ne5 Na5 12. Qa2 Nc6 13. Rd1 e6 14. Nxc6 bxc6 15. b4 Nd7 16. Ba3 Re8 17. Rac1 Bb7 18. e3 Rc8 19. Qb3 Bf8 20. Rc2 Nb6 21. Bf1 Rb8 22. a5 Nc8 23. a6 Ba8 24. Na4 Nd6 25. Nc5 Nb5 26. Qa4 Rb6 27. Bb2 Bd6 28. Ra1 h5 29. Qb3 Re7 30. Ra5 Qb8 31. Na4 Nc7 32. Nxb6 Qxb6 33. Ra4 Re8 34. Bc3 Nb5 35. Bd2 e5 36. dxe5 Bxe5 37. Qd3 Bg7 38. Bg2 Bf8 39. h4 Bg7 40. Ra5 Rd8 41. Raa2 Re8 42. Rc1 Rd8 43. Kh2 Re8 44. Re1 Rd8 45. Qc2 Bf8 46. Rb1 Re8 47. Qd1 Qb8 48. Kg1 Bg7 49. Rc1 Re6 50. Rc5 Bf8 51. Rc1 Bg7 52. Rac2 Re8 53. Rxc6 Bxc6 54. Rxc6 d4 55. Qb3 Kf8 56. Qc4 Rd8 57. exd4 Nxd4 58. Bf4 Qb5 59. Qxb5 Nxb5 60. Bf1 Nd4 61. Rd6 Ra8 62. Rd7 Ke8 63. Rb7 Ne6 64. Bb5+ Kf8 65. Be3 Bd4 66. Bxd4 Nxd4 67. Bc4 Nf3+ 68. Kg2 Ne5 69. Bb3 f5 70. f4 Ng4 71. Rh7 Re8 72. Rh8+ Ke7 73. Rxe8+ Kxe8 74. b5 Nf6 75. b6 Nd7 76. Ba4 1-0

[Event "34th European Club Cup 2018"]
[Site "Halkidiki"]
[Date "2018.10.13"]
[Round "2"]
[White "Makolli, Perparim"]
[Black "Laursen, Niels Norskov"]
[Result "1-0"]
[WhiteElo "2284"]
[BlackElo "2304"]
[Annotator "NA"]
[PlyCount "85"]
[EventDate "2018.10.12"]
[EventType "team-tourn"]
[EventCountry "GRE"]
[SourceTitle "playchess.com"]
[Source "ChessBase"]
[SourceQuality "1"]
[WhiteTeam "Drejtesia"]
[BlackTeam "Bronshoj"]

1. e4 d6 2. d4 Nf6 3. Nc3 g6 4. f3 c6 5. Be3 b5 6. a3 Qc7 7. Qd2 Nbd7 8. h4 h5 9. Nh3 Bg7 10. Be2 a6 11. Ng5 c5 12. f4 cxd4 13. Bxd4 Bb7 14. Bf3 e5 15. Be3 Nb6 16. Bxb6 Qxb6 17. O-O-O O-O 18. Qxd6 Qe3+ 19. Kb1 exf4 20. Rhe1 Qf2 21. Qxf4 Rac8 22. Re2 Qb6 23. e5 Rxc3 24. bxc3 Ng4 25. Rd7 Bc8 26. Rxf7 Bf5 27. Qd4 Qb8 28. Bd5 Rxf7 29. Nxf7 Kh7 30. Bb3 Qc7 31. Nd6 Bd7 32. c4 bxc4 33. Qxc4 Qb8 34. Qd5 Qf8 35. Qf7 Qd8 36. Re1 Bc6 37. Qe6 Bxg2 38. Nf7 Qd2 39. Rg1 Qf2 40. Ng5+ Kh6 41. Qg8 Qxg1+ 42. Ka2 Nxe5 43. Qh7# 1-0

[Event "34th European Club Cup 2018"]
[Site "Halkidiki"]
[Date "2018.10.13"]
[Round "2"]
[White "Nikolic, Milos"]
[Black "Ejsing, Esben"]
[Result "1-0"]
[WhiteElo "2279"]
[BlackElo "2154"]
[Annotator "NA"]
[PlyCount "67"]
[EventDate "2018.10.12"]
[EventType "team-tourn"]
[EventCountry "GRE"]
[SourceTitle "playchess.com"]
[Source "ChessBase"]
[SourceQuality "1"]
[WhiteTeam "Partizan"]
[BlackTeam "Nordkalotten"]

1. e4 c5 2. Nf3 e6 3. d4 cxd4 4. Nxd4 Nc6 5. Nxc6 bxc6 6. Bd3 g6 7. O-O Bg7 8. c4 Ne7 9. Qe2 O-O 10. e5 c5 11. Bg5 Rb8 12. Nc3 h6 13. Bh4 g5 14. Bg3 Nf5 15. Bxf5 exf5 16. e6 Rxb2 17. Qxb2 f4 18. exd7 Qxd7 19. Rad1 Qf5 20. Qa3 fxg3 21. hxg3 Qg4 22. Nd5 Bd4 23. Qxa7 Be6 24. Qe7 Kg7 25. Rfe1 Rb8 26. Nc7 Bxc4 27. Ne8+ Kh7 28. Nf6+ Bxf6 29. Qxf6 Bxa2 30. Rd6 Kg8 31. Qxh6 Be6 32. Rexe6 fxe6 33. Rd7 Qd1+ 34. Rxd1 1-0

[Event "34th European Club Cup 2018"]
[Site "Halkidiki"]
[Date "2018.10.13"]
[Round "2"]
[White "Mansner, Harry"]
[Black "May, Adam J"]
[Result "1/2-1/2"]
[WhiteElo "2278"]
[BlackElo "1924"]
[Annotator "NA"]
[PlyCount "108"]
[EventDate "2018.10.12"]
[EventType "team-tourn"]
[EventCountry "GRE"]
[SourceTitle "playchess.com"]
[Source "ChessBase"]
[SourceQuality "1"]
[WhiteTeam "Comeon"]
[BlackTeam "White Knights"]

1. d4 d5 2. c4 e6 3. Nf3 Nf6 4. Nc3 Be7 5. Bf4 O-O 6. e3 b6 7. cxd5 Nxd5 8. Nxd5 Qxd5 9. a3 Ba6 10. Bxa6 Nxa6 11. Qa4 Qa5+ 12. Qxa5 bxa5 13. Ne5 c5 14. Nc6 Bf6 15. Be5 cxd4 16. Bxf6 gxf6 17. exd4 a4 18. Rc1 Nb8 19. Ne7+ Kg7 20. d5 Rd8 21. O-O Rd7 22. d6 Rd8 23. Rc7 Na6 24. Rc6 Nb8 25. Rc7 Na6 26. Rc6 Nb8 27. Rc4 Na6 28. Rd1 Rd7 29. Rc6 Re8 30. Rxa6 Rexe7 31. Rd4 Re8 32. Rdxa4 Red8 33. Rxa7 Rxd6 34. Rg4+ Kf8 35. g3 Rd2 36. Rb4 Kg7 37. Rbb7 Rf8 38. b4 h5 39. b5 h4 40. gxh4 f5 41. Rd7 Rb2 42. a4 f4 43. Rab7 f3 44. Rd1 Kf6 45. Rf1 Rg8+ 46. Kh1 Rg2 47. h3 Rb4 48. Rg1 Rxf2 49. Rg4 Rb1+ 50. Rg1 Rbb2 51. Rg3 Rb1+ 52. Rg1 Rbb2 53. Rg3 Rh2+ 54. Kg1 f2+ 1/2-1/2

[Event "34th European Club Cup 2018"]
[Site "Halkidiki"]
[Date "2018.10.13"]
[Round "2"]
[White "Hasenohr, Benedict"]
[Black "Greenfeld, Alon"]
[Result "0-1"]
[WhiteElo "2277"]
[BlackElo "2495"]
[Annotator "ChessBase"]
[PlyCount "74"]
[EventDate "2018.10.12"]
[EventType "team-tourn"]
[EventCountry "GRE"]
[SourceTitle "playchess.com"]
[Source "ChessBase"]
[SourceQuality "1"]
[WhiteTeam "Winterthur"]
[BlackTeam "Beer Sheva"]

1. d4 e6 2. c4 b6 3. e4 Bb7 4. Bd3 Bb4+ 5. Kf1 Be7 6. Nf3 d6 7. g3 Nd7 8. Nc3 Bf6 9. Kg2 Ne7 10. Bc2 O-O 11. Qd3 Ng6 12. h4 c5 13. h5 cxd4 14. hxg6 dxc3 15. gxf7+ Rxf7 16. b4 a5 17. Be3 axb4 18. Qxd6 Qe7 19. Qc7 Nc5 20. Qxb6 Nxe4 21. Kg1 g6 22. c5 Nd2 23. Nxd2 cxd2 24. Rd1 Rxa2 25. Bb3 Ra6 26. Qxb4 Bxh1 27. Kxh1 Ra1 28. Bxd2 Qb7+ 29. Qxb7 Rxd1+ 30. Bxd1 Rxb7 31. c6 Rb6 32. Bf3 Be5 33. Kg2 Rb2 34. Ba5 Kf7 35. Be4 Ke7 36. Kf3 Bd4 37. Bd3 Bb6 0-1

[Event "34th European Club Cup 2018"]
[Site "Halkidiki"]
[Date "2018.10.13"]
[Round "2"]
[White "Thogersen, Rasmus"]
[Black "Liiva, Riho"]
[Result "0-1"]
[WhiteElo "2277"]
[BlackElo "2456"]
[Annotator "TA"]
[PlyCount "84"]
[EventDate "2018.10.12"]
[EventType "team-tourn"]
[EventCountry "GRE"]
[SourceTitle "playchess.com"]
[Source "ChessBase"]
[SourceQuality "1"]
[WhiteTeam "Jetsmark"]
[BlackTeam "Reval"]

1. e4 e5 2. Nf3 Nf6 3. Nxe5 d6 4. Nf3 Nxe4 5. Nc3 Nxc3 6. dxc3 Be7 7. Be3 Nc6 8. Qd2 O-O 9. O-O-O Bf5 10. Kb1 Qd7 11. h4 Rfe8 12. Bc4 Rad8 13. h5 Ne5 14. Nxe5 dxe5 15. Qe2 Qc8 16. f3 Be6 17. Bd3 Bf5 18. Bc4 Be6 19. g4 Rxd1+ 20. Rxd1 e4 21. Bxe6 Qxe6 22. f4 Qc6 23. f5 Bc5 24. Qf2 Bxe3 25. Qxe3 b6 26. b3 h6 27. c4 Qf6 28. a4 Qg5 29. Qe2 e3 30. c3 Qf4 31. Kc2 Qe4+ 32. Kb2 Qf4 33. Kc2 Qe4+ 34. Kb2 Qe7 35. Kc2 Qa3 36. Rb1 Re4 37. Rd1 Re8 38. Rb1 Kf8 39. Kd1 Rd8+ 40. Ke1 Qe7 41. Qh2 Rd2 42. Qh3 Qe4 0-1

[Event "34th European Club Cup 2018"]
[Site "Halkidiki"]
[Date "2018.10.13"]
[Round "2"]
[White "Storme, Isak"]
[Black "Bartel, Mateusz"]
[Result "0-1"]
[WhiteElo "2276"]
[BlackElo "2591"]
[Annotator "TA"]
[PlyCount "76"]
[EventDate "2018.10.12"]
[EventType "team-tourn"]
[EventCountry "GRE"]
[SourceTitle "playchess.com"]
[Source "ChessBase"]
[SourceQuality "1"]
[WhiteTeam "SK Oslo"]
[BlackTeam "Novy Bor"]

1. d4 Nf6 2. c4 e6 3. Nc3 Bb4 4. Nf3 b6 5. e3 Bb7 6. Bd3 O-O 7. O-O d5 8. cxd5 exd5 9. Ne5 Nbd7 10. f4 c5 11. Bd2 a6 12. a3 Ba5 13. Be1 cxd4 14. exd4 b5 15. Kh1 Bb6 16. Bh4 Qc7 17. Rc1 Qd6 18. Re1 Rfe8 19. Bb1 Nf8 20. f5 Ba7 21. Ba2 Rad8 22. Qd3 h6 23. Rcd1 N8h7 24. h3 Re7 25. Bg3 Rde8 26. Rf1 Qb6 27. Bf4 Ng5 28. Bxg5 hxg5 29. Qg3 Bb8 30. Rfe1 Qd6 31. Qxg5 Rxe5 32. dxe5 Rxe5 33. Kg1 d4 34. Ne2 Rxf5 35. Qg3 Qxg3 36. Nxg3 Bxg3 37. Re7 Bd5 38. Bb1 Rf2 0-1

[Event "34th European Club Cup 2018"]
[Site "Halkidiki"]
[Date "2018.10.13"]
[Round "2"]
[White "Dishman, Stephen"]
[Black "Mathioulakis, Fanis"]
[Result "1-0"]
[WhiteElo "2272"]
[BlackElo "1856"]
[Annotator "NA"]
[PlyCount "43"]
[EventDate "2018.10.12"]
[EventType "team-tourn"]
[EventCountry "GRE"]
[SourceTitle "playchess.com"]
[Source "ChessBase"]
[SourceQuality "1"]
[WhiteTeam "Bonnevoie"]
[BlackTeam "Chania CC"]

1. d4 Nf6 2. Nf3 d5 3. c4 c6 4. e3 e6 5. Bd3 Be7 6. Nbd2 O-O 7. O-O Nbd7 8. e4 dxe4 9. Nxe4 Nxe4 10. Bxe4 Nf6 11. Bc2 c5 12. dxc5 Qc7 13. Bg5 Rd8 14. Qe2 Qxc5 15. Ne5 g6 16. Rfe1 Bd7 17. b4 Qc7 18. Qf3 Kg7 19. Qf4 Be8 20. Bh6+ Kg8 21. Nxg6 Bd6 22. Ne7+ 1-0

[Event "34th European Club Cup 2018"]
[Site "Halkidiki"]
[Date "2018.10.13"]
[Round "2"]
[White "Thorarinsson, Pall A."]
[Black "Budima, Armend"]
[Result "1/2-1/2"]
[WhiteElo "2270"]
[BlackElo "2202"]
[Annotator "NA"]
[PlyCount "118"]
[EventDate "2018.10.12"]
[EventType "team-tourn"]
[EventCountry "GRE"]
[SourceTitle "playchess.com"]
[Source "ChessBase"]
[SourceQuality "1"]
[WhiteTeam "Viking CC"]
[BlackTeam "Dardania"]

1. Nf3 Nf6 2. c4 g6 3. Nc3 Bg7 4. g3 O-O 5. Bg2 d6 6. O-O c5 7. d4 Nbd7 8. Rb1 Nb6 9. dxc5 dxc5 10. Be3 Nxc4 11. Qxd8 Rxd8 12. Bxc5 Bf5 13. Bxe7 Rd7 14. Bxf6 Bxf6 15. e4 Be6 16. Rfc1 Rad8 17. Nd5 Bxd5 18. exd5 Nb6 19. Nd2 Nxd5 20. Ne4 Be7 21. Nc3 Nxc3 22. Rxc3 Bf6 23. Rc2 Rd2 24. Rxd2 Rxd2 25. Bxb7 Bxb2 26. a4 Bd4 27. Rf1 Bb6 28. Kg2 Kg7 29. h4 h5 30. Bc6 Kf6 31. Kf3 Ke7 32. Bb5 Kf8 33. Be2 Ra2 34. Bb5 f6 35. Kg2 Kg7 36. Kf3 Kh6 37. Kg2 Rd2 38. Be8 Rd8 39. Re1 Rd2 40. Rf1 Ra2 41. Kf3 g5 42. hxg5+ fxg5 43. Kg2 g4 44. Bd7 Kg5 45. Be8 h4 46. gxh4+ Kxh4 47. Bd7 Kg5 48. Kg3 Ra3+ 49. Kg2 Ra2 50. Kg3 Bc7+ 51. Kg2 Rd2 52. Be6 Bb6 53. Kg3 Rd3+ 54. Kg2 Rd4 55. f4+ gxf3+ 56. Rxf3 Rxa4 57. Rf5+ Kg6 58. Kf3 Rb4 59. Rf4 Rxf4+ 1/2-1/2

[Event "34th European Club Cup 2018"]
[Site "Halkidiki"]
[Date "2018.10.13"]
[Round "2"]
[White "Grandell, Anders"]
[Black "De Groote, Ewoud"]
[Result "1-0"]
[WhiteElo "2268"]
[BlackElo "2292"]
[Annotator "NA"]
[PlyCount "87"]
[EventDate "2018.10.12"]
[EventType "team-tourn"]
[EventCountry "GRE"]
[SourceTitle "playchess.com"]
[Source "ChessBase"]
[SourceQuality "1"]
[WhiteTeam "Team Viking"]
[BlackTeam "BSG"]

1. d4 f5 2. g3 Nf6 3. Bg2 g6 4. b3 Bg7 5. Bb2 O-O 6. Nf3 d6 7. O-O c6 8. c4 Qc7 9. Nbd2 Re8 10. Re1 e5 11. dxe5 dxe5 12. e4 f4 13. c5 Nh5 14. Nc4 Bg4 15. Qc1 Nd7 16. Nd6 Re7 17. Ng5 Bf6 18. f3 Be6 19. Nxe6 Rxe6 20. Bh3 Re7 21. Qc4+ Kf8 22. Kg2 b6 23. b4 bxc5 24. bxc5 Qa5 25. Red1 Rb8 26. Bc3 Qa3 27. Bxd7 Rxd7 28. Rab1 Rxb1 29. Rxb1 fxg3 30. Rb8+ Kg7 31. hxg3 Qc1 32. Qd3 Qg5 33. Nf5+ gxf5 34. Qxd7+ Kh6 35. Qxf5 Qxg3+ 36. Kf1 Qh2 37. Ke1 Bh4+ 38. Kd1 Qxa2 39. Bd2+ Nf4 40. Qxe5 Qa4+ 41. Kc1 Qa3+ 42. Rb2 Qa1+ 43. Kc2 Qa4+ 44. Rb3 1-0

[Event "34th European Club Cup 2018"]
[Site "Halkidiki"]
[Date "2018.10.13"]
[Round "2"]
[White "Rathlev, Jakob"]
[Black "Kukk, Sander"]
[Result "0-1"]
[WhiteElo "2263"]
[BlackElo "2235"]
[Annotator "NA"]
[PlyCount "120"]
[EventDate "2018.10.12"]
[EventType "team-tourn"]
[EventCountry "GRE"]
[SourceTitle "playchess.com"]
[Source "ChessBase"]
[SourceQuality "1"]
[WhiteTeam "Jetsmark"]
[BlackTeam "Reval"]

1. d4 g6 2. Nf3 Bg7 3. e4 c6 4. Nc3 d5 5. Be2 dxe4 6. Nxe4 Nd7 7. c4 Ngf6 8. Nc3 O-O 9. O-O Qc7 10. h3 e5 11. d5 e4 12. Nd4 cxd5 13. cxd5 Nb6 14. Ndb5 Qe5 15. f4 exf3 16. Bxf3 Rd8 17. Re1 Qg3 18. Be3 Bd7 19. Qb3 Nc8 20. Ne2 Qh4 21. Bf2 Qg5 22. h4 Qh6 23. Nc7 Rb8 24. Ne6 Re8 25. Be3 Qxh4 26. Bg5 Qa4 27. Nxg7 Qxb3 28. axb3 Kxg7 29. Nd4 Rxe1+ 30. Rxe1 Nb6 31. Bf4 Re8 32. Be5 Kg8 33. d6 Nfd5 34. Bg3 Rxe1+ 35. Bxe1 Kf8 36. Ba5 Bc6 37. b4 Ke8 38. b5 Bd7 39. Bxb6 Nxb6 40. Bxb7 Nc4 41. Bd5 Nxd6 42. Bc6 Kd8 43. Kf2 Kc7 44. b4 Bxc6 45. bxc6 a6 46. Kf3 Nf5 47. Nb3 Kxc6 48. g4 Ne7 49. Nc1 Kb5 50. Nd3 Nd5 51. g5 Nxb4 52. Ne5 a5 53. Ke2 a4 54. Kd2 Nd5 55. Nxf7 a3 56. Kc2 Kb4 57. Kb1 Kb3 58. Ne5 Nb4 59. Ka1 a2 60. Nd3 Nc2# 0-1

[Event "34th European Club Cup 2018"]
[Site "Halkidiki"]
[Date "2018.10.13"]
[Round "2"]
[White "Salama, Omar"]
[Black "Friedrich, Norbert"]
[Result "0-1"]
[WhiteElo "2254"]
[BlackElo "2259"]
[Annotator "NA"]
[PlyCount "72"]
[EventDate "2018.10.12"]
[EventType "team-tourn"]
[EventCountry "GRE"]
[SourceTitle "playchess.com"]
[Source "ChessBase"]
[SourceQuality "1"]
[WhiteTeam "Reykjavik"]
[BlackTeam "Zurich"]

1. d4 Nf6 2. c4 e6 3. Nc3 d5 4. cxd5 Nxd5 5. Nf3 c5 6. e4 Nxc3 7. bxc3 cxd4 8. cxd4 Bb4+ 9. Bd2 Bxd2+ 10. Qxd2 O-O 11. Be2 b6 12. O-O Bb7 13. Qe3 Nd7 14. Rfd1 Nf6 15. Bd3 Qe7 16. Qf4 Rac8 17. Qh4 Rfe8 18. e5 Ne4 19. Qf4 Nc3 20. Re1 h6 21. h3 Red8 22. Rac1 Nxa2 23. Rxc8 Rxc8 24. Nd2 Qb4 25. Kh2 Nc1 26. Bb1 Nb3 27. Ne4 Qxe1 28. Nf6+ Kh8 29. Ng4 Qxb1 30. Qxf7 Bd5 31. Nxh6 Qh7 32. Ng4 Qf5 33. Qd7 Rf8 34. Qe7 Qf4+ 35. g3 Qf3 36. Qh4+ Kg8 0-1

[Event "34th European Club Cup 2018"]
[Site "Halkidiki"]
[Date "2018.10.13"]
[Round "2"]
[White "Zlatin, Alexander"]
[Black "Eljanov, Pavel"]
[Result "1/2-1/2"]
[WhiteElo "2249"]
[BlackElo "2703"]
[Annotator "TA"]
[PlyCount "100"]
[EventDate "2018.10.12"]
[EventType "team-tourn"]
[EventCountry "GRE"]
[SourceTitle "playchess.com"]
[Source "ChessBase"]
[SourceQuality "1"]
[WhiteTeam "Rehovot"]
[BlackTeam "Alkaloid"]

1. e4 e5 2. Nf3 Nc6 3. Bc4 Bc5 4. c3 Nf6 5. d3 O-O 6. Nbd2 d6 7. Bb3 a5 8. a4 Be6 9. O-O h6 10. Nc4 Ne7 11. Nxa5 Rxa5 12. Bxe6 fxe6 13. b4 Bxb4 14. cxb4 Ra8 15. d4 Nxe4 16. Qd3 Nf6 17. dxe5 Nfd5 18. b5 Nf5 19. Qe4 Qd7 20. Bd2 b6 21. Rfe1 Rae8 22. Ra3 Qf7 23. h3 Kh8 24. Re2 Rd8 25. Kh2 Qe7 26. Rb3 Rde8 27. Kg1 Qd8 28. Rd3 Qa8 29. g4 Nfe7 30. Nh4 dxe5 31. Qxe5 Rf6 32. g5 hxg5 33. Bxg5 Ng6 34. Qe4 Ngf4 35. Rxd5 Nxe2+ 36. Qxe2 Qxd5 37. Qh5+ Kg8 38. Qxe8+ Rf8 39. Qg6 Rf7 40. Be3 Qd1+ 41. Kg2 Qxa4 42. Nf3 Qa8 43. Qg4 Qd5 44. Kg3 Qxb5 45. Qxe6 Qf5 46. Qe8+ Rf8 47. Qc6 Qf6 48. Qd5+ Qf7 49. Qc6 Qf6 50. Qd5+ Qf7 1/2-1/2

[Event "34th European Club Cup 2018"]
[Site "Halkidiki"]
[Date "2018.10.13"]
[Round "2"]
[White "Roobol, Martin"]
[Black "Durarbayli, Vasif"]
[Result "0-1"]
[WhiteElo "2243"]
[BlackElo "2629"]
[Annotator "TA"]
[PlyCount "86"]
[EventDate "2018.10.12"]
[EventType "team-tourn"]
[EventCountry "GRE"]
[SourceTitle "playchess.com"]
[Source "ChessBase"]
[SourceQuality "1"]
[WhiteTeam "Leiden"]
[BlackTeam "Odlar Yurdu"]

1. e4 Nf6 2. e5 Nd5 3. d4 d6 4. Nf3 g6 5. Bc4 Nb6 6. Bb3 Bg7 7. Ng5 d5 8. f4 Na6 9. Be3 h6 10. Nf3 Nc4 11. Bxc4 dxc4 12. d5 Nb4 13. Nc3 c6 14. dxc6 Qxd1+ 15. Kxd1 Nxc6 16. Nd2 Be6 17. Nde4 O-O-O+ 18. Kc1 f6 19. exf6 exf6 20. Rd1 f5 21. Rxd8+ Rxd8 22. Nd2 Nd4 23. a4 Bf7 24. Bf2 g5 25. a5 gxf4 26. Ra4 Bf6 27. Nxc4 Be8 28. Rb4 Bc6 29. g3 f3 30. Nd2 Ne2+ 31. Nxe2 fxe2 32. c3 Bg5 33. Rd4 Rxd4 34. cxd4 Be4 35. Be1 Kd7 36. b3 Be3 37. b4 Kc6 38. Kb2 Bxd4+ 39. Kb3 Kd5 40. Nxe4 Kxe4 41. Kc4 a6 42. h3 h5 43. h4 Bg1 0-1

[Event "34th European Club Cup 2018"]
[Site "Halkidiki"]
[Date "2018.10.13"]
[Round "2"]
[White "Boel, Marcel"]
[Black "Willis, Rupert"]
[Result "1-0"]
[WhiteElo "2241"]
[BlackElo "2131"]
[Annotator "NA"]
[PlyCount "125"]
[EventDate "2018.10.12"]
[EventType "team-tourn"]
[EventCountry "GRE"]
[SourceTitle "playchess.com"]
[Source "ChessBase"]
[SourceQuality "1"]
[WhiteTeam "Apeldoorn"]
[BlackTeam "Grantham"]

1. e4 e6 2. d4 d5 3. Nd2 Nc6 4. Ngf3 Nf6 5. e5 Nd7 6. c3 f6 7. exf6 Qxf6 8. Bb5 Bd6 9. Nf1 e5 10. dxe5 Ncxe5 11. Nxe5 Qxe5+ 12. Be3 c6 13. Be2 Nf6 14. Bd4 Qe7 15. Ne3 O-O 16. Bxf6 Qxf6 17. Bf3 Bd7 18. Qb3 b5 19. O-O-O Bf4 20. Rhe1 Be6 21. Qb4 a5 22. Qc5 Bf7 23. Kb1 b4 24. c4 a4 25. cxd5 a3 26. Re2 Bg6+ 27. Kc1 b3 28. bxa3 Bd6 29. Qc4 Bxa3+ 30. Kd2 bxa2 31. Qc3 Qd6 32. Nc4 Qf4+ 33. Re3 c5 34. Nxa3 Qb4 35. Ra1 Rxa3 36. Qxb4 cxb4 37. Rxa3 bxa3 38. Rxa2 Ra8 39. d6 Ra7 40. Bd5+ Kf8 41. Kc1 Ra5 42. Rd2 Rc5+ 43. Kd1 Ke8 44. Bb3 Bf5 45. Ke2 Be6 46. Bxe6 Re5+ 47. Kd3 Rxe6 48. Kc3 Kd7 49. Kb3 Rxd6 50. Rxd6+ Kxd6 51. Kxa3 g5 52. Kb4 Ke5 53. Kc3 Ke4 54. Kd2 h5 55. f3+ Kf4 56. Ke2 h4 57. Kf2 Kf5 58. Ke3 Ke5 59. g3 hxg3 60. hxg3 Kf5 61. Kd4 Kf6 62. g4 Ke6 63. Ke4 1-0

[Event "34th European Club Cup 2018"]
[Site "Halkidiki"]
[Date "2018.10.13"]
[Round "2"]
[White "Duncan, Chris R"]
[Black "Healy, John"]
[Result "1-0"]
[WhiteElo "2236"]
[BlackElo "1919"]
[Annotator "NA"]
[PlyCount "47"]
[EventDate "2018.10.12"]
[EventType "team-tourn"]
[EventCountry "GRE"]
[SourceTitle "playchess.com"]
[Source "ChessBase"]
[SourceQuality "1"]
[WhiteTeam "Blackthorne"]
[BlackTeam "St Benildus"]

1. d4 Nf6 2. Nf3 e6 3. g3 c5 4. c4 cxd4 5. Nxd4 Bb4+ 6. Bd2 Bc5 7. Nb3 Bb6 8. Bg2 Nc6 9. Nc3 d6 10. O-O Ne5 11. Bf4 Nxc4 12. Qc2 d5 13. e4 O-O 14. Rad1 Nh5 15. Bc1 d4 16. Qe2 Qc7 17. Nb5 Qc6 18. N5xd4 Qa4 19. Qxh5 e5 20. Nf5 Bxf5 21. exf5 f6 22. Qg4 Rac8 23. h3 Qa6 24. Rd7 1-0

[Event "34th European Club Cup 2018"]
[Site "Halkidiki"]
[Date "2018.10.13"]
[Round "2"]
[White "Valner, Uku"]
[Black "Rosenkilde, Alexander"]
[Result "1-0"]
[WhiteElo "2236"]
[BlackElo "2239"]
[Annotator "NA"]
[PlyCount "87"]
[EventDate "2018.10.12"]
[EventType "team-tourn"]
[EventCountry "GRE"]
[SourceTitle "playchess.com"]
[Source "ChessBase"]
[SourceQuality "1"]
[WhiteTeam "Reval"]
[BlackTeam "Jetsmark"]

1. e4 c5 2. Nc3 d6 3. g3 g6 4. Bg2 Bg7 5. d3 Nc6 6. Be3 e6 7. Qd2 Rb8 8. Nge2 Nd4 9. Nd1 b5 10. O-O b4 11. Nc1 Ne7 12. c3 bxc3 13. bxc3 Ndc6 14. Bh6 O-O 15. Bxg7 Kxg7 16. Ne3 Qb6 17. Rd1 Ba6 18. Nb3 Ne5 19. f4 c4 20. fxe5 cxb3 21. exd6 Qxd6 22. axb3 Rxb3 23. d4 Rc8 24. Rdc1 Qb6 25. Ra2 Rb1 26. Rxb1 Qxb1+ 27. Kf2 Qb6 28. Rb2 Qa5 29. Ra2 Qb6 30. Bf3 Bc4 31. Rb2 Qc7 32. d5 Qc5 33. Rb4 exd5 34. exd5 Ba6 35. Qd4+ Qxd4 36. Rxd4 Kf8 37. d6 Nf5 38. Nxf5 gxf5 39. Bc6 f6 40. d7 Rd8 41. c4 Ke7 42. c5 Rb8 43. Rh4 Rb2+ 44. Ke1 1-0

[Event "34th European Club Cup 2018"]
[Site "Halkidiki"]
[Date "2018.10.13"]
[Round "2"]
[White "Matovic, Mihajlo Z"]
[Black "Sylvan, Jacob"]
[Result "0-1"]
[WhiteElo "2234"]
[BlackElo "2336"]
[Annotator "NA"]
[PlyCount "72"]
[EventDate "2018.10.12"]
[EventType "team-tourn"]
[EventCountry "GRE"]
[SourceTitle "playchess.com"]
[Source "ChessBase"]
[SourceQuality "1"]
[WhiteTeam "Partizan"]
[BlackTeam "Nordkalotten"]

1. e4 c5 2. Nf3 e6 3. d4 cxd4 4. Nxd4 Nc6 5. Nc3 Qc7 6. Be3 a6 7. Qf3 Nf6 8. O-O-O Rb8 9. Be2 b5 10. Nxc6 dxc6 11. g4 b4 12. Na4 c5 13. g5 Nd7 14. Bf4 e5 15. Bg3 c4 16. b3 cxb3 17. axb3 Be7 18. h4 O-O 19. Bc4 Bb7 20. Qg4 Bc6 21. Nb2 Nc5 22. Rhe1 Rbd8 23. Rxd8 Qxd8 24. g6 hxg6 25. Qxg6 Bf6 26. h5 Bb5 27. Qg4 Bxc4 28. Nxc4 Qd4 29. Kb1 Na4 30. bxa4 Qxc4 31. Re3 Rc8 32. Qe2 Qc6 33. a5 Qa4 34. Rd3 Rc5 35. Rd5 Rxd5 36. exd5 e4 0-1

[Event "34th European Club Cup 2018"]
[Site "Halkidiki"]
[Date "2018.10.13"]
[Round "2"]
[White "Marzano, Carlo"]
[Black "Samoun, Florent"]
[Result "1-0"]
[WhiteElo "2233"]
[BlackElo "2322"]
[Annotator "ChessBase"]
[PlyCount "149"]
[EventDate "2018.10.12"]
[EventType "team-tourn"]
[EventCountry "GRE"]
[SourceTitle "playchess.com"]
[Source "ChessBase"]
[SourceQuality "1"]
[WhiteTeam "Lazio ASD"]
[BlackTeam "Bois-Colombes"]

1. d4 Nf6 2. c4 c5 3. d5 b5 4. Qc2 bxc4 5. e4 d6 6. Bxc4 g6 7. Nf3 Bg7 8. O-O O-O 9. h3 Ba6 10. Na3 Qc8 11. Rb1 Nbd7 12. b3 Nb6 13. Re1 Rb8 14. Bf4 Rd8 15. Rbd1 Bxc4 16. Nxc4 Qa6 17. Nfd2 Rb7 18. Rb1 Ne8 19. Bg5 h6 20. Bh4 Rdb8 21. Rbd1 Kf8 22. Bg3 Rd8 23. Kh1 Nc7 24. a4 Kg8 25. Re3 Nca8 26. Na3 Nc7 27. Nac4 Ne8 28. Rd3 Nf6 29. Re1 Nfd7 30. f4 Nxc4 31. Nxc4 Nb6 32. Nd2 Qa5 33. Rc1 Kh7 34. Be1 Qa6 35. Re3 Rc8 36. Qd3 Qxd3 37. Rxd3 c4 38. Nxc4 Nxc4 39. bxc4 Rbc7 40. Bh4 g5 41. fxg5 Rxc4 42. Rxc4 Rxc4 43. gxh6 Be5 44. g4 Rxe4 45. Bxe7 Rxa4 46. g5 a5 47. Kg2 Rc4 48. Rf3 Rf4 49. Rb3 Rb4 50. Rf3 Rb2+ 51. Kf1 a4 52. h4 Kg8 53. h5 Rb3 54. h7+ Kxh7 55. Rxf7+ Kg8 56. Rf8+ Kg7 57. Ra8 a3 58. g6 Rh3 59. Bf8+ Kf6 60. g7 Kf7 61. g8=Q+ Kxg8 62. Bxd6+ Kf7 63. Bxe5 Rxh5 64. d6 Ke6 65. Bg3 Rh1+ 66. Ke2 Rg1 67. Rxa3 Rh1 68. Re3+ Kd7 69. Re7+ Kd8 70. Kf3 Rh6 71. Ke4 Rg6 72. Be5 Rh6 73. Kd5 Rg6 74. Rg7 Rh6 75. Kc6 1-0

[Event "34th European Club Cup 2018"]
[Site "Halkidiki"]
[Date "2018.10.13"]
[Round "2"]
[White "Skousen, Nikolai"]
[Black "Zymberi, Astrit"]
[Result "0-1"]
[WhiteElo "2226"]
[BlackElo "2115"]
[Annotator "NA"]
[PlyCount "122"]
[EventDate "2018.10.12"]
[EventType "team-tourn"]
[EventCountry "GRE"]
[SourceTitle "playchess.com"]
[Source "ChessBase"]
[SourceQuality "1"]
[WhiteTeam "Bronshoj"]
[BlackTeam "Drejtesia"]

1. Nf3 d5 2. g3 c6 3. Bg2 Bg4 4. h3 Bh5 5. O-O e6 6. b3 Nd7 7. Bb2 Ngf6 8. d3 Bd6 9. Nbd2 O-O 10. e4 e5 11. Qe1 Re8 12. Nh4 Qc7 13. Nf5 Bf8 14. g4 Bg6 15. Qe2 Rad8 16. Ng3 dxe4 17. dxe4 h6 18. Rad1 Nc5 19. Nc4 Rxd1 20. Rxd1 b5 21. Nd2 Ne6 22. Nf3 Nd7 23. Qd2 Rd8 24. Qe1 f6 25. Nh4 Bf7 26. Bf1 Ndc5 27. Nhf5 g6 28. Ne3 Nf4 29. Bc1 Nce6 30. Bg2 Kh7 31. Rxd8 Qxd8 32. Kh2 Nd4 33. Qd2 Ba3 34. c3 Bxc1 35. Qxc1 Nde6 36. Qa3 a5 37. Qb2 Nc5 38. Bf1 h5 39. gxh5 gxh5 40. Nef5 Bg6 41. Qc2 Nce6 42. h4 Bxf5 43. Nxf5 Ng7 44. Ne3 Ng6 45. Ng2 Ne6 46. f3 Nef4 47. Qf2 Nxg2 48. Kxg2 Qd1 49. c4 b4 50. c5 Nf4+ 51. Kg3 Qc1 52. Bc4 a4 53. Kh2 a3 54. Kg3 Ng6 55. Kg2 Nf4+ 56. Kg3 Qa1 57. Kh2 Qb2 58. Kg3 Kh6 59. Qg1 Qxa2 60. Bf1 Qd2 61. Bc4 a2 0-1